[Event "RUS Cup final"]
[Site "Magnitogorsk"]
[Date "2011.11.14"]
[Round "1.4"]
[White "Ponkratov, Pavel"]
[Black "Smirnov, Pavel"]
[Result "0-1"]
[WhiteElo "2611"]
[BlackElo "2597"]
[Annotator "RR"]
[PlyCount "80"]
[EventDate "2011.11.13"]
[EventType "k.o."]
[EventRounds "4"]
[EventCountry "RUS"]
[SourceTitle "CBM 146"]
[Source "ChessBase"]
[SourceDate "2012.01.18"]
[SourceVersion "1"]
[SourceVersionDate "2012.01.18"]
[SourceQuality "1"]

1. e4 e5 2. Nf3 Nc6 3. Bc4 Bc5 4. c3 Nf6 5. d4 exd4 6. cxd4 Bb4+ 7. Nbd2 d5 8.
exd5 Nxd5 9. Qe2+ Be7 10. O-O O-O 11. Bb5 Ndb4 12. a3 Nc2 13. Bxc6 bxc6 14. Ra2
Be6 15. b3 Nxd4 16. Nxd4 Qxd4 17. Rc2 Bd6 18. Nc4 Bd5 19. Bb2 Qe4 20. Ne3 Rae8
21. Rd2 Qh4 22. h3 Qf4 23. g3 Qe4 24. Kh2 f5 25. Rd4 $6 (25. Re1 f4) 25... Qg2+
$5 26. Nxg2 Rxe2 27. Bc1 Bc5 28. Rd2 Rxd2 29. Bxd2 Bxb3 30. Rc1 Bxa3 31. Rc3
Bb4 32. Rxb3 Bxd2 33. Rb7 Ra8 34. Rxc7 a5 35. Nh4 g6 36. Nf3 Bc3 37. Rxc6 Bg7
38. Ng5 a4 39. Rc7 a3 40. Ne6 Be5 0-1

[Event "Zuerich Chess Challenge 4th"]
[Site "Zuerich"]
[Date "2015.02.18"]
[Round "5"]
[White "Caruana, Fabiano"]
[Black "Kramnik, Vladimir"]
[Result "1/2-1/2"]
[WhiteElo "2811"]
[BlackElo "2783"]
[Annotator "Ramirez Alvarez,A"]
[PlyCount "56"]
[EventDate "2015.02.14"]
[EventType "tourn"]
[EventRounds "5"]
[EventCountry "SUI"]
[EventCategory "22"]
[SourceTitle "CBM 165"]
[Source "ChessBase"]
[SourceDate "2015.03.11"]
[SourceVersion "1"]
[SourceVersionDate "2015.03.11"]
[SourceQuality "1"]

1. e4 e5 2. Nf3 Nc6 3. Bc4 Bc5 4. c3 Nf6 5. d3 d6 6. Nbd2 a6 7. Bb3 Be6 {
This specific move order is already very unusual. The Italian is interesting
in that, even though the plans are quite repetitive, the specific
implementations and move orders seem to vary greatly.} 8. Bxe6 fxe6 9. O-O O-O
10. b4 Ba7 11. a4 Nh5 12. Nb3 Qe8 13. Qe2 Nf4 14. Bxf4 Rxf4 {Black's pressure
on the f-file coordinated with his bishop on a7 shohuld ive him enough
counterplay for any queenside or central action that White undertakes.} 15. b5
Ne7 16. d4 exd4 17. Nbxd4 Ng6 18. bxa6 bxa6 19. Qc4 Rxe4 20. Qxc7 Qc8 {the
pawn sacrifice is only temporary.} 21. Qxd6 Bc5 22. Qc6 (22. Qg3 e5 {leaves
White in an already dangerous situation since retreating the knight allows Rg4}
23. Nc2 Rg4 $19) 22... Qxc6 23. Nxc6 Rc4 {White cannot defend the pawn on c3
and the discovered attack against the knight on c6.} 24. Ncd4 Nf4 {Black
doesn't even have to rush taking on c3...} (24... e5 $11) (24... Rxc3 $6 25.
Nxe6 $14) 25. g3 Bxd4 26. Nxd4 e5 27. gxf4 exd4 28. cxd4 Rxd4 $11 1/2-1/2

[Event "EU-ch 12th"]
[Site "Aix les Bains"]
[Date "2011.03.31"]
[Round "9"]
[White "Smirin, Ilia"]
[Black "Pelletier, Yannick"]
[Result "1-0"]
[WhiteElo "2658"]
[BlackElo "2593"]
[Annotator "Reeh,O"]
[PlyCount "63"]
[EventDate "2011.03.22"]
[EventType "swiss"]
[EventRounds "11"]
[EventCountry "FRA"]
[SourceTitle "CBM 142 Extra"]
[Source "ChessBase"]
[SourceDate "2011.06.27"]
[SourceVersion "1"]
[SourceVersionDate "2011.06.27"]
[SourceQuality "1"]

1. e4 e5 2. Nf3 Nc6 3. Bc4 Nf6 4. d3 Bc5 5. O-O O-O 6. Nbd2 d6 7. c3 a6 8. Bb3
Ba7 9. h3 Be6 10. Bc2 h6 11. Re1 Re8 12. Nf1 d5 13. exd5 Bxd5 14. Ng3 Qd7 15.
Nh4 Rad8 16. Nhf5 Ne7 17. Rxe5 Nxf5 18. Rxf5 Qc6 19. d4 $1 {Ignoring the
threat to the g2-pawn. Ignoriert die Bedrohung des Bauern g2.} ({The passive
Das passive} 19. Qf1 {is not necessary ist nicht nötig.}) 19... Bxg2 {Not good,
but it's not easy for Black to justify his pawn deficit anyway. Nicht gut,
aber es fällt auch sonst Schwarz nicht leicht, sein Bauerndefizit zu
rechtfertigen.} ({For example Zum Beispiel} 19... g6 20. Rxd5 $5 Nxd5 21. Bxh6
{, with two pawns for the exchange and light-squared superiority. , mit zwei
Bauern für die Figur und weißfeldriger Überlegenheit.}) {[%tqu "En","How
should White continue?","The black queen is tied to the Bg2.","","f5f6",
"Forcing the black queen to abandon the Bg2, since 20...gxf6 21.Qg4+ gives
White a lethal attack.",10,"De","Wie soll Weiß fortsetzen?","Watch out for the
themes: Vernichtung einer Deckungsfigur , Ablenkung , Zerstörung der
Bauernstruktur , Doppelangriff .","","f5f6","Zwingt die schwarze Dame, den Bg2
aufzugeben, denn 20...gxf6 21.Qg4+ gibt Weiß tödlichen Angriff.",10]} 20. Rxf6
$1 {Leaving Black with the unpleasant choice to either allow a weakening of
the kingside or abandon the Bg2. Stellt Schwarz vor die unangenehme Wahl,
entweder eine Schwächung des Königsflügels zuzulassen oder den Bg2 aufzugeben.}
Qxf6 (20... gxf6 {immediately leads to disaster: führt sofort in die
Katastrophe:} 21. Qg4+ Kh8 (21... Kf8 22. Bxh6+ Ke7 23. Re1+ Kd6 24. Bf4+) 22.
Qf5 {and the mate on h7 can be protected only by giving up a lot material on
e4 - und das Matt auf h7 lässt sich nur durch massenweise Materialhergabe auf
e4 verhindern -} Kg7 23. Bxh6+ Kxh6 24. Qh7+ Kg5 25. Qh5+ Kf4 26. Qf5#) 21.
Kxg2 c5 22. Qd3 $1 cxd4 (22... g6 {weakens f6 and allows schwächt f6 und
erlaubt} 23. Ne4 Qc6 24. Qf3 $1) ({but relatively better was relativ besser
war aber} 22... Qc6+ 23. Kh2 (23. Ne4 $2 f5) {and only now und erst jetzt}
23... g6) 23. Qh7+ Kf8 24. b3 $1 {Late but strong bishop development on the
diagonal a3-f8. Späte, aber starke Läuferentwicklung - es winkt die Diagonale
a3-f8.} ({Instead, after Nach} 24. Nf5 $6 g5 $1 {Black could still struggle.
könnte Schwarz dagegen noch strampeln.}) 24... Re5 ({After Nach} 24... Bc5 25.
cxd4 Rxd4 {White wins with gewinnt Weiß mit} 26. Bb2 Qc6+ 27. Kg1) ({and
escaping to the queenside won't take the black king very far either: und auf
der Flucht zum Damenflügel kommt der König auch nicht weit:} 24... Ke7 25. Qe4+
$1 Kd6 (25... Kd7 26. Qxb7+) (25... Kf8 26. Ba3+ Kg8 27. Qh7#) 26. Bf4+ Kc5 27.
Qxb7) 25. Ba3+ Ke8 26. Bf5 $1 {Renewing the threat 27.Qg8+. Erneuert die
Drohung 27.Qg8+.} Bc5 27. Bxc5 Rxc5 28. Bg4 d3 29. Re1+ $1 {Initiating the
final checking sequence. Leitet die finale Schachsequenz ein.} Re5 30. Rxe5+ ({
Not Nicht} 30. Qg8+ Ke7 31. Nf5+ $2 (31. Rxe5+ $1) 31... Qxf5 $1 32. Bxf5 Rxe1
33. Qxg7 d2 {and the game starts all over again. und die Partie beginnt von
neuem.}) 30... Qxe5 31. Qg8+ Ke7 32. Nf5+ $1 {and Black resigned since after
32...Qxf5 33.Qxd8+! followed by 33.Bxf5 he remains a piece down. und Schwarz
gab auf, denn nach 32...Qxf5 33.Qxd8+! nebst 33.Bxf5 hat er eine Figur weniger.
} ({and und} 32. Nf5+ Kd7 (32... Kf6 33. Qxd8+) {fails to scheitert an} 33.
Qxf7+ Kc8 (33... Kc6 34. Bf3+) 34. Nd6+ Kb8 35. Qxb7#) 1-0

[Event "Terrassa op"]
[Site "Terrassa"]
[Date "1994.??.??"]
[Round "3"]
[White "Martin Gonzalez, Angel"]
[Black "Rodriguez Cespedes, Amador"]
[Result "0-1"]
[WhiteElo "2430"]
[BlackElo "2515"]
[Annotator "Rodriguez,Am"]
[PlyCount "58"]
[EventDate "1994.07.??"]
[EventType "swiss"]
[EventRounds "9"]
[EventCountry "ESP"]
[SourceTitle "EXT 2000"]
[Source "ChessBase"]
[SourceDate "1999.11.16"]
[SourceVersion "1"]
[SourceVersionDate "1999.11.16"]
[SourceQuality "1"]

1. e4 e5 2. Nf3 Nc6 3. Bc4 Bc5 4. d3 Nf6 5. O-O d6 6. c3 a6 7. Bb3 Ba7 8. Nbd2
O-O 9. Re1 Ng4 10. Re2 Kh8 11. Nf1 $6 {More logical is 11.h3 first, to drive
the knight to the less favourable square h6.} f5 12. exf5 Bxf5 13. Ng3 Bd7 (
13... d5 $5 14. Nxf5 Rxf5 15. Be3 Nxe3 16. fxe3 Bc5 {Yudasin-Malanjuk, Minsk
1985}) 14. h3 $2 {Too late.} (14. Bg5 $1 {/\ d4=} Nf6 15. Be3 $11) (14. d4 exd4
15. Bg5 $8 (15. cxd4 $2 Nxd4 $1 16. Nxd4 Qh4 17. Nf3 (17. h3 Nxf2) 17... Rxf3
$1 18. gxf3 Qxh2+ 19. Kf1 Bxf2 20. Re4 Bxg3 21. Qd2 Ne3+ {0-1/Fornari-Rieke/
Biel op (5)/1985/}) 15... Nf6 16. Nxd4 Nxd4 17. cxd4 h6 18. Bc1 Ng4 $36 {
Vujacic-Lukacs/Beograd/1984/}) 14... Rxf3 $3 15. gxf3 Qh4 $1 {It was not easy
to play this move, 15...Nf2 was very interesting, in fact, many variations may
transpose to the game.} 16. d4 $8 (16. Ne4 Nxf2 $1 (16... Qxh3 $2 17. fxg4 Bxg4
18. Ng5 (18. Qf1)) 17. Rxf2 $8 (17. Nxf2 Bxh3 $1 $19 {/\ Qg3}) 17... Bxf2+ $1
18. Nxf2 Qg3+ 19. Kf1 e4 $3 20. Nxe4 (20. fxe4 Rf8 21. Qe2 Ne5 $19) (20. dxe4
Ne5 $19 {/\ Nd3; /\ Bb5}) 20... Bxh3+ 21. Ke2 Qg2+ 22. Ke3 Ne7 $1 23. d4 d5 24.
Nc5 b6 25. Na4 Nf5+ 26. Kd3 Qf2 $1 27. Bd2 Ne3 $1 28. Bxe3 Bf5#) 16... Nxd4 $3
17. cxd4 Bxd4 (17... Nxf2 $4 18. Kxf2 $1 Bxd4+ 19. Be3 $18) 18. Qxd4 $8 (18.
Ne4 Nxf2 $1 19. Rxf2 (19. Nxf2 Bxh3 $19) 19... Bxf2+ $1 20. Nxf2 Qg3+ 21. Kh1 (
21. Kf1 Bb5+ 22. Ke1 Qg1+ 23. Kd2 Qxf2+ 24. Kc3 Rf8 25. Bd5 Qc5+ 26. Kb3 c6 27.
Be4 Bc4+ $1 $19) 21... Qxf2 $19) 18... exd4 19. hxg4 Bc6 $1 {White has
aproximate compensation for his queen, but without development and
coordination, his pieces are unable to save him.} 20. Nf5 (20. Ne4 $142 Re8 21.
Bf4 d5 (21... Rxe4 22. Rxe4 (22. Bg3 $2 Rxg4 $1) 22... Bxe4 23. Bg3 Qh3 24.
fxe4 Qxg4 $15) 22. Ng3 Rxe2 23. Nxe2 Qf6 $1 {/\ d3} 24. Rd1 Bb5) 20... Qh3 21.
Nxd4 Bxf3 22. Nxf3 Qxg4+ $1 23. Kh2 (23. Kf1 Qxf3 24. Re1 d5 $1 {/\ Rf8, d4})
23... Qxf3 24. Bd1 {/\ Re8+} Rf8 25. Bd2 {Hoping to bring his a-rook to the
third file via c1} (25. Be3 $2 Rf5) 25... d5 $1 {Decisive.} 26. Rc1 d4 27. Rxc7
d3 28. Ree7 Qxf2+ 29. Kh3 Qxd2 0-1

[Event "Noumea op"]
[Site "Noumea"]
[Date "1995.??.??"]
[Round "6"]
[White "Rogers, Ian"]
[Black "Davidovic, Aleksandar"]
[Result "1/2-1/2"]
[WhiteElo "2570"]
[BlackElo "2410"]
[Annotator "Rogers,I"]
[PlyCount "133"]
[EventDate "1995.??.??"]
[EventType "swiss"]
[EventRounds "7"]
[EventCountry "FRA"]
[SourceTitle "EXT 1997"]
[Source "ChessBase"]
[SourceDate "1996.11.15"]
[SourceVersion "1"]
[SourceVersionDate "1996.11.15"]
[SourceQuality "1"]

1. e4 e5 2. Nf3 Nc6 3. d4 exd4 4. Bc4 Bc5 5. c3 Nf6 6. cxd4 Bb4+ 7. Nc3 $5 {
A old-fashioned gambit which is not particularly dangerous but requires
precise play by Black.} Nxe4 8. O-O Bxc3 9. d5 $1 Bf6 $1 10. Re1 O-O $6 {
The first step in the wrong direction.} (10... Ne7 11. Rxe4 d6 {is Black's
best defence.}) 11. Rxe4 Nb8 $2 12. d6 $1 cxd6 13. Bf4 Be5 ({It is too late for
} 13... Bxb2 14. Bxd6 $1 Bxa1 15. Qxa1 {when White's attack is overwhelming.})
14. Bxe5 dxe5 15. Nxe5 d5 $5 {Black is hoping to avoid a looming sacrifice on
f7 by gaining a tempo to develop his knight on d7.} 16. Nxf7 $3 (16. Bxd5 Nd7
17. Nxf7 Qf6 (17... Rxf7 $2 18. Rf4 {wins.}) 18. g3 {should now be good for
White but White had prepared something even more convincing.}) 16... Kxf7 ({
Black has little choice since} 16... Rxf7 $2 17. Qxd5 $1 Qxd5 18. Re8+ $1 {
leads to checkmate}) ({and} 16... Qf6 17. Qxd5 {is also highly unpleasant for
Black.}) 17. Bxd5+ Kg6 18. Re5 $1 Bf5 19. Rxf5 $3 Kxf5 ({Since} 19... Rxf5 {
loses to} 20. Bf7+ $1 {Black's king is drawn further up the board.}) 20. Qf3+
Kg6 21. Be4+ Kh6 22. Qh3+ Kg5 23. Bxb7 $5 {Unable to find a clear checkmate,
White decides to grab material - a practical but unromantic decision.} Nc6 24.
Bxc6 Rc8 25. Qe3+ Kg6 26. Be4+ Kf7 27. Bf5 Rc6 28. Qb3+ Kf6 29. Qf3 Rd6 $1 30.
Bd3+ $2 {Faced with a huge choice of discovered checks, White fails to find
the correct path to victory.} (30. Bg4+ {hoping for} Kg5 $2 31. h4+ {is not so
clear after} Kg6 $1) ({but as post-game analysis showed that} 30. Bc2+ $1 {
should win.}) 30... Ke7 $1 31. Qe3+ Kf7 $1 32. Bc4+ Kg6 33. Qxa7 $2 Rd2 $1 {
Now Black eliminates one of the connected queenside pawns and should have no
problems.} 34. Rf1 Rxb2 35. Qe3 Rd2 36. h4 $5 Rd4 37. g3 h6 $1 38. Bb3 Kh7 39.
Rc1 Qd6 40. Rc6 Qxc6 41. Qxd4 Kh8 42. Bd5 Qd7 {With Black's king safe and
material equal, White advantage has disappeared but White played on for 25
pointless moves before conceding the inevitable.} 43. Qe4 Re8 44. Qf3 Qh3 45.
Be4 Qe6 46. Bd5 Qh3 47. Be4 Qe6 48. Bc6 Rc8 49. Bd5 Qh3 50. Qe3 Rd8 51. Qe6
Qxe6 52. Bxe6 g5 53. hxg5 hxg5 54. Kg2 Kg7 55. Bb3 Kf6 56. Kf3 Ke5 57. Kg4 Rf8
58. f3 Kf6 59. a4 Rb8 60. Bc2 Rb2 61. Bd1 Ra2 62. f4 gxf4 63. gxf4 Ra1 64. Bc2
Ra2 65. Bb3 Ra3 66. Bd1 Ra1 67. Bc2 1/2-1/2

[Event "Moscow FIDE GP"]
[Site "Moscow"]
[Date "2017.05.14"]
[Round "3"]
[White "Hou, Yifan"]
[Black "Ding, Liren"]
[Result "0-1"]
[WhiteElo "2652"]
[BlackElo "2773"]
[Annotator "Roiz,M"]
[PlyCount "102"]
[EventDate "2017.05.12"]
[EventType "swiss"]
[EventRounds "9"]
[EventCountry "RUS"]
[SourceTitle "CBM 179"]
[Source "ChessBase"]
[SourceDate "2017.07.12"]
[SourceVersion "1"]
[SourceVersionDate "2017.07.12"]
[SourceQuality "1"]

1. e4 e5 2. Nf3 Nc6 3. Bc4 {Nowadays more and more players include the Italian
in their repertoire.} Nf6 4. d3 Bc5 5. O-O O-O 6. a4 {A modern approach. White
is aiming to seize some space on the queenside and secure the placement of the
light-squared bishop.} d6 7. c3 a5 (7... a6 {is somewhat more popular.}) 8. Bg5
{The most ambitious choice - since Black's dark-squared bishop cannot unpin
the Nf6, the committal advance g7-g5 is almost unavoidable now. On the other
hand, White's bishop is going to be misplaced for a while.} (8. h3 h6 9. Re1
Ba7 10. Nbd2 Ne7 11. Nf1 Ng6 12. Ng3 c6 13. d4 exd4 14. Nxd4 Re8 $11 {Karjakin,
S (2783)-Kramnik,V (2811) Shamkir AZE 2017}) 8... h6 {Most probably, this line
was expected by GM Ding Liren before the game.} ({A few weeks ago, Hoo Yifan
didn't manage to claim superiority after} 8... Ne7 9. Nh4 (9. Bxf6 $5 {seems
more challenging:} gxf6 10. d4 Ba7 11. Nbd2) 9... d5 10. Bb3 dxe4 11. Bxf6 gxf6
12. Nd2 Ng6 13. Nxe4 Be7 $132 {Hou Yifan (2649)-Ivanchuk,V (2732) Shenzhen CHN
2017}) 9. Bh4 g5 10. Bg3 ({The typical piece sac} 10. Nxg5 $6 hxg5 11. Bxg5 {
hasn't been tried in practice. Indeed, it looks like after} Kg7 12. Qf3 Rh8 13.
Nd2 Kg6 {White's compensation is questionable.}) 10... Kg7 $5 $146 {This
flexible continuation is a novelty. Black is unpinning the f7-pawn and
intending to remove the knight from f6 at some point.} (10... Bg4 {seems
insufficient for equality:} 11. h3 Bh5 12. Na3 Qd7 13. Nc2 Bb6 14. Ne3 Ne7 15.
Bb3 Kh8 16. Bc2 Rg8 17. d4 $36 {Vachier Lagrave,M (2795)-Gledura,B (2602)
Chartres FRA 2017}) (10... g4 {also seems playable:} 11. Nh4 ({The spectacular
} 11. Bh4 gxf3 12. Qxf3 Kg7 {doesn't offer White more than a draw:} 13. Nd2 Be6
14. Rfd1 Bxc4 15. Nxc4 Qe7 16. Qg3+ Kh7 17. Qf3 Kg7 $11) 11... Nh5 12. Na3 Qf6
$1 (12... Qg5 $6 13. Nb5 Bb6 {Nijboer,F (2535)-Janssen,R (2520) Delft NED 2017,
} {can be strongly met by} 14. Qb3 $1 Nxg3 15. hxg3 $16 {and the threat of 16.
Nxd6 puts Black in a difficult situation.}) 13. Nb5 Bb6 $132) 11. Re1 ({
The other natural continuations do not seem to bother Black:} 11. Na3 Be6 12.
Bxe6 fxe6 13. Nc4 Qe8 $132) (11. Nbd2 Ba7 12. Re1 Ng8 $1 13. h3 Nge7 $132 {
followed by f7-f5.}) 11... g4 12. Bh4 (12. Nh4 Nh5 13. Nd2 Qg5 14. Nf1 Nxg3 15.
hxg3 f5 16. exf5 Bxf5 {feels unpleasant for White in view of the strong
pressure along the f-file.}) 12... Ne7 $5 {Now the position definitely
contains a mutual risk.} ({Ding Liren isn't satisifed with a short draw:} 12...
gxf3 13. Qxf3 Be6 14. Qg3+ Kh7 15. Qf3 Kg7 $11) 13. Bxf6+ $6 {A concession -
the exchange of such a powerful bishop makes Black's play much easier.} (13. d4
{was preferable:} Ng6 (13... exd4 14. cxd4 Bb4 15. e5 dxe5 16. dxe5 Nh5 17.
Nfd2 $132) 14. Nxe5 Nxh4 15. Nxf7 Rxf7 16. Bxf7 Kxf7 17. dxc5 $132 {with wild
complications.}) 13... Kxf6 14. d4 Bb6 15. Nh4 $6 {Another step in the wrong
direction - the knight does not have good prospects in the corner.} ({A better
move was} 15. Nfd2 exd4 16. Be2 h5 17. Nc4 Ba7 18. cxd4 Nc6 19. d5 Ne5 $15 {
even though the control over the dark squares gives Black the upper hand.})
15... Kg7 16. Na3 ({Alas, releasing the tension with} 16. dxe5 {runs into} Ng6
$1 17. Nf5+ Bxf5 18. exf5 Qh4 $1 19. Rf1 (19. g3 Bxf2+ 20. Kxf2 Qxh2+ 21. Kf1
Qxg3 $19 {is even worse.}) 19... Nxe5 20. Be2 Rg8 $17) 16... exd4 17. cxd4 Nc6
18. Nf5+ Bxf5 19. exf5 h5 {Now White has no compensation for a couple of
weaknesses. Moreover, one of pawns will fall soon.} 20. Nc2 Qf6 21. Re4 Qxf5 $6
{Grabbing the poor Pf5 wasn't necessary - now White's pieces are getting much
more active.} ({The quiet} 21... Rfe8 22. Rf4 Ne7 23. Ne3 c6 $17 {should have
been played.}) 22. Bd3 Qg5 23. g3 f5 24. Rf4 {Now Black's pieces are tied to
protecting the Pf5.} Rae8 ({Possibly, a better practical choice would be} 24...
Ne5 $5 25. dxe5 dxe5 26. Rc4 Rad8 $36 {obtaining a powerful initiative.}) 25.
h4 ({White could have changed the character of the game by playing} 25. b4 $5
Nxb4 (25... axb4 26. a5 Nxa5 27. Nxb4 $132) 26. Nxb4 axb4 27. a5 Ba7 28. Qb1
$132 {, but this resource is easy to miss!}) 25... gxh3 (25... Qg6 26. Qd2 d5
27. Qc3 $44) 26. Qf3 {There are no obvious moves in such a complex position!}
d5 27. Rd1 $2 {Alas, White doesn't withstand the pressure. Hou Yifan is
underestimating the idea behind Black's last move.} ({The correct way was} 27.
Rh4 $1 Re6 28. Rf1 $1 {maintaining the balance.} (28. Rxh5 {is weaker:} Qg4 29.
Qxg4+ fxg4 30. Rxd5 Rd6 $15)) 27... Re4 $1 {White has to accept the challenge,
but it leads to terrible strategic consequences.} 28. Bxe4 fxe4 29. Qe3 Rxf4
30. Qxf4 Qxf4 31. gxf4 Ne7 $2 {Suddenly Hou Yifan gets another chance to save
the game! Now White's pieces are not tied to protecting the Pd4.} (31... Kf6 $1
32. Kh2 Nb4 33. Ne3 (33. Nxb4 axb4 34. Kxh3 Kf5 35. Kg3 h4+ 36. Kxh4 Kxf4 $19)
33... c6 34. Kxh3 Nd3 {would be completely lost for White.}) 32. Kh2 Ng6 33. f5
({Another possibility was} 33. f3 exf3 34. Kxh3 Nxf4+ 35. Kg3 Ne6 36. Kxf3 Kf6
37. Rh1 $11) 33... Nf4 (33... Nh4 34. Kxh3 Nxf5 35. Ne3 Ne7 36. Kg2 {doesn't
offer Black any winning chances.}) 34. f3 $2 {The decisive mistake. This
careless move helps Black to create another powerful passer.} ({Instead, White
had to open the files for her rook:} 34. b4 $1 axb4 35. Nxb4 c6 (35... Kf6 36.
Nc2 Kxf5 37. Rb1 Kg4 38. Rb3 $11) 36. Nc2 Bc7 37. Rb1 $11) 34... c6 {The
bishop is coming back with great effect.} 35. fxe4 dxe4 36. Re1 ({Now it was
too late for} 36. b4 Bc7 37. Rb1 axb4 38. Nxb4 Kf6 39. Nc2 b6 40. a5 bxa5 41.
Rb7 Bd6 $19) 36... Bc7 37. Rg1+ Kf7 38. Rf1 Kf6 $19 39. Kg3 Kxf5 40. Ne3+ Kg5 {
White cannot do anything with the opponent's passers. The rest was simple.} (
40... Ke6 {was also good enough.}) 41. Nc4 h4+ 42. Kf2 Nd3+ 43. Ke2 Bf4 44.
Nxa5 h2 45. Nxb7 Nc1+ 46. Kf2 e3+ 47. Kg2 e2 48. Re1 Bd2 49. Rh1 Nb3 50. Kxh2
e1=Q 51. Rxe1 Bxe1 0-1